000 00574nam a22002057a 4500
005 20251108171051.0
008 250721s1976 xx 000 0 ara d
082 1 4 _a810.903/ضيف
100 1 _aضيف، شوقي
245 1 0 _aالعصر الإسلامي /
250 _aط7
264 1 _aالقاهرة :
_bدار المعارف،
_c1976.
300 _a491 ص
490 0 _aتاريخ الأدب العربي ؛ 2
650 1 7 _aالأدب العربي
650 1 7 _aتاريخ ونقد
650 1 7 _aعصر الإسلام
942 _2ddc
_cBK
999 _c55769
_d55769